000 00905cam a2200157 4500500
005 20251214021058.0
041 _afre
042 _adc
100 1 0 _aBureau, Étienne
_eauthor
245 0 0 _aMarwan Rashed, L’enquête Rembrandt, Les Belles Lettres, 2025, 556 páginas, 160 ilustraciones en color, 35 euros.
260 _c2025.
500 _a41
520 _aEn nombre del arte, así como de la anarquía en el movimiento y la alegría de crear, el Centro Pompidou y el Grand Palais presentan una exposición sobre un trío sin igual en la historia del arte: la pareja formada por Niki de Saint Phalle (1930-2002) y Jean Tinguely (1925-1991), impulsada por un pionero y visionario en el mundo de los museos, Pontus Hultén (1924-2006).
786 0 _nÉtudes | - | 10 | 2025-09-30 | p. 126-126
856 4 1 _uhttps://shs.cairn.info/revista-etudes-2025-10-page-126?lang=es&redirect-ssocas=7080
999 _c1571661
_d1571661